[Event "Cearense-ch 69th"]
[Site "Fortaleza"]
[Date "2000.10.08"]
[Round "6"]
[White "Samuel, Francisco"]
[Black "Almeida Silva, Porfirio"]
[Result "1/2-1/2"]
[WhiteElo "1762"]
[BlackElo "1815"]
[PlyCount "123"]
[EventDate "2000.??.??"]
[EventType "swiss"]
[EventRounds "9"]
[EventCountry "BRA"]
[SourceTitle "EXT 2003"]
[Source "ChessBase"]
[SourceDate "2002.11.25"]
[SourceVersion "1"]
[SourceVersionDate "2002.11.25"]
[SourceQuality "1"]

1. e4 Nf6 2. e5 Nd5 3. c4 Nb6 4. d4 d6 5. f4 dxe5 6. fxe5 e6 7. Nf3 Bb4+ 8. Nc3 c5 9. a3 cxd4 10. axb4 dxc3 11. Qxd8+ Kxd8 12. bxc3 Nc6 13. Be3 Kc7 14. b5 Ne7 15. c5 Nbd5 16. b6+ Kb8 17. bxa7+ Rxa7 18. Rxa7 Kxa7 19. Bd4 h6 20. Bd3 Nc6 21. 0-0 Bd7 22. Nd2 Rf8 23. Nc4 Kb8 24. Nd6 Nd8 25. Rb1 Kc7 26. Be4 Bc6 27. Bxd5 Bxd5 28. c4 Bc6 29. Rf1 Kd7 30. Bc3 Ke7 31. Ba5 f6 32. Nc8+ Kd7 33. Nb6+ Ke8 34. exf6 gxf6 35. Nc8 f5 36. Rd1 Nf7 37. Nd6+ Ke7 38. Be1 Kf6 39. Bh4+ Ng5 40. Rb1 Rb8 41. Kf2 e5 42. g3 Ke6 43. Ke3 Ne4 44. Nxe4 Bxe4 45. Rb6+ Bc6 46. Rb2 Ra8 47. Rd2 Ra3+ 48. Rd3 f4+ 49. gxf4 exf4+ 50. Ke2 Rxd3 51. Kxd3 Ke5 52. Be7 Be4+ 53. Ke2 Kd4 54. Bd6 f3+ 55. Kf2 Kxc4 56. Ke3 Bc6 57. Bf8 h5 58. Be7 Kd5 59. Bf8 Ke5 60. Bd6+ Kf5 61. Bc7 Kg4 62. Kf2 1/2-1/2